000 00657ntaaa2200217 4500
003 01
005 20251027203310.0
008 0714s1973 ag 01
020 _a9780825414602
040 _aAR-BaBN
_bspa
_cAR-BaBN
_eaacr
_dRIC
082 _a234.8 M14
100 _aMacDonald, William
_932432
245 _aEl mandamiento olvidado :
_bsed santos /
_cWilliam MacDonald
260 _aGrand Rapids :
_bPortavoz,
_cc1998
300 _a175 p. ;
_c22 cm.
500 _aTítulo original: The forgotten command: be holy
500 _aEd. original: John Ritchie Ltd.
650 _aVIDA CRISTIANA
700 _aEscuain, Santiago
_etraductor
_99957
942 _cBK
999 _c28472
_d28472